01371cam a2200349 a 45000010008000000030009000080050017000170080041000340200018000750400050000930820020001431000033001632450042001962640030002383000023002683360026002913370028003173380027003456500043003726500038004156500033004536500029004866510048005156510050005636530022006136550017006358560097006528560089007499420012008389990017008509520154008672941996EG-ScBUE20250514104112.0900816s2022 enk f 000 1 eng d a9781529077155 aDLCbengerdacDLCdDLCdOCoLCdDLCdEG-ScBUE04a813.54222bELL1 aEllis, Bret Easton,eauthor.10aAmerican psycho /cBret Easton Ellis. aLondon :bPicador,c2022. a386 pages ;c21 cm 2rdacontentatextbtxt 2rdamediaaunmediatedbn 2rdacarrieravolumebnc 7aWomenxCrimes againstvFiction.2BUEsh 7aSerial murderersvFiction.2BUEsh 7aPsychopathsvFiction.2BUEsh 7aRapistsvFiction.2BUEsh 7aManhattan (New York, N.Y.)vFiction.2BUEsh 7aWall Street (New York, N.Y.)vFiction.2BUEsh cMay2025bHHUUEENN vReading book423Contributor biographical informationuhttp://www.loc.gov/catdir/bios/random056/90010247.html423Publisher descriptionuhttp://www.loc.gov/catdir/description/random047/90010247.html 2ddccBB c30990d30961 00102ddc40708BaccahaMAINbMAINc2NDd2025-05-14ePurchaseg901.00h39241l0o813.54 ELLp000057370r2025-07-15 00:00:00v1126.25w2025-05-14yBB